Normal view
MARC view
Entry Término temático
001 - NÚMERO DE CONTROL
- campo de control: 24077
003 - IDENTIFICADOR DEL NÚMERO DE CONTROL
- campo de control: OSt
005 - FECHA Y HORA DE LA ÚLTIMA TRANSACCIÓN
- campo de control: 20200615032912.0
008 - DATOS DE LONGITUD FIJA
- campo de control de longitud fija: 200615|| aca||aabn | a|a d
040 ## - FUENTE DE LA CATALOGACIÓN
- Centro catalogador/agencia de origen: OSt
- Centro/agencia transcriptor: OSt
150 ## - ENCABEZAMIENTO--TÉRMINO DE MATERIA
- Término de materia o nombre geográfico como elemento de entrada: FAUNA TROPICAL
- Subdivisión geográfica: REPÚBLICA DOMINICANA
- Subdivisión general: ARTÍCULOS DE DIARIOS
670 ## - FUENTE DE DATOS ENCONTRADOS
- Cita de la fuente: Work cat.: (OSt)9092: Ducoudray, Félix Servio, 1924-1989 24071, La naturaleza dominicana :, 2006.
